00213nam a2200085Ia 4500008004100000100001500041245002500056260003700081300000900118190216s9999||||xx |||||||||||||| ||und|| aWright M G 0aDiscounted Cash Flow bTata Mcgrawhill Publishersc1975 a167p